Three Shows, One Performer Quiz Stats

 Plays Quiz not verified by Sporcle

Challenge
Share
Tweet
Embed
Score 0/20 Timer 05:00
0 Plays Today
Shows Actor/Actress % Correct
The Jeffersons, Amen, Goode BehaviorSherman Hemsley
69.4%
227, Royal Family, Sister SisterJackee Harry
55.6%
Charlie & Company, Family Matters, Grown Ups,Jaleel White
55.6%
The Game, Minor Adjustments, The Steve Harvey Show Wendy Raquel Robinson
52.8%
Facts of Life, Living Single, Baby I'm BackKim Fields
50%
The Cosby Show, Here and Now, Listen UpMalcolm-Jamal Warner
47.2%
Silver Spoons, Fresh Prince of Bel-Air, In the HouseAlfonso Ribeiro
44.4%
Sanford and Son, Baby I'm Back, The New Odd CoupleDemond Wilson
38.9%
21 Jump Street, Hangin' With Mr. Cooper, For Your LoveHolly Robinson-Peete
38.9%
Arsenio, Out All Night, City of AngelsVivica A. Fox
38.9%
Shows Actor/Actress % Correct
WKRP In Cincinnati, Simon & Simon, Linc'sTim Reid
36.1%
Roommates, Strong Medicine, Sister SisterTamera Mowry
36.1%
Rags to Riches, My Wife and Kids, Rita RocksTisha Campbell-Martin
30.6%
Soap, Benson, Sports NightRobert Guillaume
27.8%
Bosom Buddies, Gimme a Break!, Family MattersTelma Hopkins
25%
Snoops, Frank's Place, Fresh Prince of Bel-AirDaphne Maxwell-Reid
19.4%
Martin, Everybody Hates Chris, Happily DivorcedTichina Arnold
16.7%
Cosby, On Our Own, That's So RavenT'Keyah 'Crystal' Keymah
8.3%
Sugar & Spice, State of Georgia, A Different WorldLoretta Devine
8.3%
Half & Half, Are We There Yet?, Smart GuyEssence Atkins
8.3%

You're not logged in!

Compare scores with friends on all Sporcle quizzes.
OR
Log In

You Might Also Like...

Show Comments

Extras

Top Quizzes Today


Score Distribution

Your Account Isn't Verified!

In order to create a playlist on Sporcle, you need to verify the email address you used during registration. Go to your Sporcle Settings to finish the process.

Report this User

Report this user for behavior that violates our Community Guidelines.

Details: